000 00307nam a22001337a 4500
008 171030b xxu||||| |||| 00| 0 eng d
020 _a9780262041461
041 _aeng
080 _a336
100 _a56
101 _aFIN
245 _aTHE PRUDENTIAL REGULATION OF BANKS
_cDEWATRIPONT,M
942 _2udc
_cBK
999 _c36336
_d36336